Statistics for Top 30 J. Cole Songs

Click here to take the quiz!

General Stats

  • This quiz has been taken 450 times
  • The average score is 5 of 30

Answer Stats

#AnswerAlbum% Correct
25No Role Modelz2014 Forest Hills Drive
84%
1Power TripBorn Sinner
53%
5Love Yourz2014 Forest Hills Drive
49%
14ATMKOD
44%
64 Your Eyez Only4 Your Eyez Only
39%
30Crooked SmileBorn Sinner
35%
3A Tale of 2 Citiez2014 Forest Hills Drive
32%
10Neighbors4 Your Eyez Only
31%
23Change4 Your Eyez Only
28%
121985KOD
26%
4Lights PleaseThe Warm Up
23%
29'03 Adolescence2014 Forest Hills Drive
21%
11Ni**az KnowBorn Sinner
9%
20Once An Addict [Interlude]KOD
9%
17RunawayBorn Sinner
9%
13Mo Money (Interlude)Born Sinner
7%
18Rise and ShineCole World: The Sideline Story
7%
7Back to the Topic [Freestyle]Friday Night Lights
4%
22Cole SummerTruly Yours 2
4%
24Jermaine's Interlude*Major Key*
4%
26Kenny LoftonTruly Yours 2
4%
16Knock Tha Hustle*Cozz & Effect*
4%
8Premeditated MurderFriday Night Lights
4%
2Return of SimbaN/A
3%
15The AutographFriday Night Lights
2%
19Home for the HolidaysFriday Night Lights
1%
9Looking for TroubleFriday Night Lights
1%
28Beautiful Bliss*Attention Deficit*
0%
21Grew Up FastN/A
0%
27Jodeci Freestyle*N/A*
0%

Score Distribution

Percentile by Number Answered

Percent of People with Each Score

Your Score History

You have not taken this quiz